000 00539nam a2200193Ia 4500
001 9749
008 190715n ii |||gr||||Z||||||491
020 _a81-208-0572-0
082 _a891.223
100 _aKale, M.R..
245 0 _aSvapnavasavadatta of Bhasa /
_cM.R. Kale.
_hTextual Documents
250 _a3rd ed. /
260 _aDelhi :
_bMotilal Banarsidass Publishers ,
_c1991.
300 _axxxviii, 168p. :
_bill. ;
_c22cm .
653 _aSanskrit Drama-Criticism
653 _aMS-Sanskrit
653 _aG-Sanskrit
942 _2ddc
_cBK
999 _c9736
_d9736